000 00847cam a22002652 4500
999 _c4648
_d4648
001 0000025238
003 OSt
005 20180627120207.0
008 150328s xx 000 0 eng d
020 _a9350287242 :
040 _aKABU
_cKABU
050 _aKNS540
_b.G36 2012 v. I c. 5
100 1 _aGandhi, B.M.
245 1 0 _aFamily law /
_cB.M. Gandhi.
250 _a1st ed.
260 _aLucknow :
_bEastern Book Company,
_c2012.
300 _alvi, 415 p.
650 0 _aDomestic relations
_zIndia.
650 0 _aFamily law
_zIndia.
908 _a150328
942 _2lcc
_cBK
_e1st ed.
_hKNS540
_i.G36 2012 v. I c. 5